[Event "AUTO-OPEN-3123"]
[Site "http://www.queenalice.com/game.php?id=1326197"]
[Date "2014.12.5"]
[Round "3"]
[White "kandido"]
[Black "mauricio_sm"]
[Result "1-0"]
[WhiteElo "2205"]
[BlackElo "1912"]

1. e4 e5 2. Nf3 Nc6 3. d4 exd4 4. Nxd4 Qf6 5. Nxc6 Qxc6 6. Nc3 Bc5 7. Be2 d6 8.
O-O Be6 9. a3 Nf6 10. Bb5 Qxb5 11. Nxb5 Bb6 12. Nc3 O-O 13. Kh1 Rfe8 14. f3 Bd7
15. Qe2 Be6 16. Be3 Bxe3 17. Qxe3 a6 18. Rad1 Rad8 19. b3 h6 20. h3 Nh5 21. f4
Bd7 22. Qf3 Nf6 23. Nd5 Nxd5 24. exd5 c6 25. c4 cxd5 26. cxd5 Bf5 27. Rfe1 Kf8
28. Rxe8+ Rxe8 29. Rd2 Be4 30. Qc3 Bf5 31. Qc7 Rc8 32. Qxd6+ Kg8 33. Qe7 Rc1+
34. Kh2 Rc8 35. d6 1-0

[Event "AUTO-OPEN-3123"]
[Site "http://www.queenalice.com/game.php?id=1326198"]
[Date "2014.12.5"]
[Round "3"]
[White "mauricio_sm"]
[Black "kandido"]
[Result "0-1"]
[WhiteElo "1923"]
[BlackElo "2204"]

1. e4 e5 2. Nf3 Nc6 3. Bc4 Bc5 4. d3 Nf6 5. Bg5 h6 6. Bh4 g5 7. Bg3 d6 8. Qd2
Bg4 9. Ng1 Nh5 10. Ne2 Nf4 11. Bxf4 gxf4 12. Nbc3 Qh4 13. O-O f3 14. Ng3 fxg2
15. Kxg2 Qh3+ 0-1

[Event "AUTO-MASTER-2149"]
[Site "http://www.queenalice.com/game.php?id=1327853"]
[Date "2014.12.13"]
[Round "2"]
[White "Guilherme_Ottoni"]
[Black "kandido"]
[Result "0-1"]
[WhiteElo "2110"]
[BlackElo "2227"]

1. e4 e5 2. Nf3 Nc6 3. Bb5 f5 4. Nc3 Nf6 5. exf5 e4 6. Ng5 d5 7. Ne6 Bxe6 8.
fxe6 Qd6 9. d3 d4 10. Nxe4 Qb4+ 11. Bd2 Qxb5 12. Nxf6+ gxf6 13. Rb1 Qe5+ 14. Qe2
Bb4 15. a3 Bxd2+ 16. Kxd2 Qxe2+ 17. Kxe2 Ke7 18. Rbe1 Kxe6 19. Kf3+ Kd6 20. Re4
Rae8 21. Rhe1 Rxe4 22. Rxe4 Ne5+ 23. Kf4 c5 24. h3 Rg8 25. g4 b5 26. b3 h5 27.
f3 hxg4 28. fxg4 Ke6 29. Re2 Rg5 30. a4 a6 31. axb5 axb5 32. Re1 Kd5 33. Ra1
Ng6+ 34. Kg3 Re5 35. Rf1 Re3+ 36. Rf3 Rxf3+ 37. Kxf3 Ke5 38. Kg3 Nf4 39. h4 Ne2+
40. Kh3 Kf4 41. h5 Kg5 0-1

[Event "AUTO-MASTER-2149"]
[Site "http://www.queenalice.com/game.php?id=1327854"]
[Date "2014.12.13"]
[Round "2"]
[White "kandido"]
[Black "Guilherme_Ottoni"]
[Result "1-0"]
[WhiteElo "2194"]
[BlackElo "2110"]

1. d4 Nf6 2. c4 g6 3. Nc3 d5 4. cxd5 Nxd5 5. e4 Nxc3 6. bxc3 Bg7 7. Rb1 O-O 8.
Nf3 c5 9. Be2 Qa5 10. O-O cxd4 11. cxd4 Qxa2 12. Bg5 Re8 13. Bb5 Bd7 14. Bxd7
Nxd7 15. Rxb7 Nf6 16. Re1 h6 17. Bxf6 Bxf6 18. e5 Bg7 19. d5 Rad8 20. d6 Qa6 21.
Rxe7 Rxe7 22. dxe7 Re8 23. Qd7 Qc8 24. Rd1 f6 25. Qxc8 1-0

[Event "AUTO-MASTER-2149"]
[Site "http://www.queenalice.com/game.php?id=1327855"]
[Date "2014.12.13"]
[Round "2"]
[White "Andrez"]
[Black "kandido"]
[Result "1/2-1/2"]
[WhiteElo "1943"]
[BlackElo "2237"]

1. g4 d5 2. g5 e5 3. d3 f5 4. Bg2 h6 5. h4 f4 6. Nc3 c6 7. Nf3 Bd6 8. e3 hxg5 9.
hxg5 Rxh1+ 10. Bxh1 fxe3 11. fxe3 Bg4 12. Qe2 Bxf3 13. Qxf3 Qxg5 14. Ne2 Qh4+
15. Kd2 Nd7 16. b3 O-O-O 17. Bb2 Rf8 18. Qg2 g5 19. Rg1 Be7 20. Rf1 g4 21. Rxf8+
Nxf8 22. Bxe5 Nh6 23. Bg3 Qh3 24. Qxh3 gxh3 25. Nf4 Nf5 26. Bh2 Bd6 27. e4 dxe4
28. dxe4 Bxf4+ 29. Bxf4 Ne6 30. Bh2 Nh6 31. Bf3 Ng5 32. Ke3 Nxf3 33. Kxf3 Nf7
34. Bf4 Nd8 35. Kg3 Ne6 36. Be3 a6 37. Kxh3 Kd7 38. Kg4 Ke7 39. Kf5 Kf7 40. Ke5
Ke7 41. a4 Kd7 42. b4 b5 43. a5 Nc7 44. Kd4 Ne6+ 45. Kd3 Kd6 46. c4 Ke5 47. cxb5
cxb5 48. Bd2 Kd6 49. Ke3 Kc6 50. Bc3 Kd6 51. Kf3 Nd8 52. Kf4 Ke6 53. Kg5 Nc6 54.
Kf4 Nd8 55. Bd4 Nc6 1/2-1/2

[Event "AUTO-MASTER-2149"]
[Site "http://www.queenalice.com/game.php?id=1327856"]
[Date "2014.12.13"]
[Round "2"]
[White "kandido"]
[Black "Andrez"]
[Result "1-0"]
[WhiteElo "2194"]
[BlackElo "1890"]

1. d4 f5 2. Bg5 h6 3. Bh4 g5 4. e3 Nf6 5. Bg3 b6 6. Nc3 Bb7 7. f3 a5 8. Bd3 e6
9. Nge2 Nd5 10. Nxd5 Bxd5 11. e4 fxe4 12. fxe4 Bb7 13. O-O Na6 14. e5 c5 15.
Bg6+ 1-0

[Event "Challenge 06"]
[Site "http://www.queenalice.com/game.php?id=1337411"]
[Date "2015.1.27"]
[Round "-"]
[White "kandido"]
[Black "JoseHenrique"]
[Result "1-0"]
[WhiteElo "2228"]
[BlackElo "1730"]

1. d4 d5 2. c4 Nf6 3. cxd5 Nxd5 4. Nf3 g6 5. e4 Nb6 6. Nc3 Bg4 7. Be2 Bg7 8. Be3
Nc6 9. d5 Na5 10. O-O O-O 11. Rc1 a6 12. b3 c6 13. b4 Nac4 14. Bd4 Bxd4 15. Qxd4
Nd6 16. e5 Bxf3 17. Bxf3 Nf5 18. Qd3 cxd5 19. Nxd5 Nxd5 20. Qxd5 Rb8 21. Rfd1
Qb6 22. Qc5 Qxc5 23. Rxc5 b6 24. Rc7 Rfd8 25. Rdd7 Rxd7 26. Rxd7 e6 27. g3 Kf8
28. Ra7 a5 29. bxa5 bxa5 30. Rxa5 Nd4 31. Be4 Ne2+ 32. Kg2 Nc3 33. Bf3 Rb2 34.
Ra8+ Kg7 35. a4 Na2 36. a5 Nc1 37. a6 Nd3 38. a7 Rxf2+ 39. Kh3 Ra2 40. Rd8 Nxe5
41. a8=Q Rxa8 42. Bxa8 h5 43. Kg2 Kf6 44. Be4 Kg5 45. Re8 Nc4 46. Ra8 f5 47. h4+
Kh6 48. Bb1 Ne3+ 49. Kf3 Ng4 50. Ra6 e5 51. Bxf5 1-0

[Event "AUTO-MASTER-2173"]
[Site "http://www.queenalice.com/game.php?id=1337527"]
[Date "2015.1.27"]
[Round "2"]
[White "kandido"]
[Black "Hagel"]
[Result "1/2-1/2"]
[WhiteElo "2256"]
[BlackElo "2186"]

1. d4 d5 2. c4 dxc4 3. e4 e5 4. Nf3 exd4 5. Bxc4 Nc6 6. O-O Nf6 7. e5 Nd5 8.
Nxd4 Nxd4 9. Qxd4 Be6 10. Bg5 Be7 11. Bxe7 Nxe7 1/2-1/2

[Event "AUTO-MASTER-2173"]
[Site "http://www.queenalice.com/game.php?id=1337530"]
[Date "2015.1.27"]
[Round "2"]
[White "kandido"]
[Black "vivafischer"]
[Result "1/2-1/2"]
[WhiteElo "2216"]
[BlackElo "2295"]

1. d4 d5 2. c4 e6 3. Nc3 c6 4. e4 dxe4 5. Nxe4 Bb4+ 6. Nc3 c5 7. d5 Nf6 8. Bg5
O-O 9. Nf3 exd5 10. cxd5 Re8+ 11. Be2 Qxd5 12. Bxf6 Qxd1+ 13. Kxd1 gxf6 14. Re1
Bxc3 15. bxc3 Nc6 16. Bd3 Bg4 17. Kc2 Bxf3 18. gxf3 Re5 19. Re4 Rxe4 20. Bxe4
Rc8 21. Rg1+ Kh8 22. Rd1 Rc7 23. f4 Kg7 24. Rg1+ Kh8 25. Rd1 Na5 26. a4 Re7 27.
f3 Nc4 28. Kb3 Ne3 29. Rd6 Kg7 30. a5 Ng2 31. f5 Ne3 32. a6 bxa6 33. Rxa6 Nf1
34. Kc4 Nd2+ 35. Kxc5 Nxe4+ 36. fxe4 Rxe4 37. c4 Rf4 38. Rxa7 Rxf5+ 39. Kd6 Rf2
40. c5 Rd2+ 41. Ke7 Rxh2 42. c6 Rc2 43. c7 h5 44. Kd7 Rd2+ 45. Ke7 Re2+ 46. Kd7
1/2-1/2

[Event "AUTO-MASTER-2173"]
[Site "http://www.queenalice.com/game.php?id=1337531"]
[Date "2015.1.27"]
[Round "2"]
[White "vivafischer"]
[Black "kandido"]
[Result "0-1"]
[WhiteElo "2356"]
[BlackElo "2229"]

1. d4 Nf6 2. c4 e6 3. Nc3 c5 4. d5 exd5 5. cxd5 d6 6. e4 g6 7. Bd3 Bg7 8. h3 O-O
9. Nf3 Re8 10. O-O a6 11. a4 Nbd7 12. Re1 Nh5 13. Nd2 Ne5 14. Bf1 f5 15. exf5
Bxf5 16. g4 Qh4 17. gxf5 Nf4 18. Re3 Ned3 19. Bxd3 Rxe3 0-1

[Event "AUTO-MASTER-2165"]
[Site "http://www.queenalice.com/game.php?id=1340553"]
[Date "2015.2.10"]
[Round "2"]
[White "JORGESILVA19D"]
[Black "kandido"]
[Result "1-0"]
[WhiteElo "2212"]
[BlackElo "2254"]

1. e4 e5 2. d4 exd4 3. c3 d5 4. exd5 Qxd5 5. Nf3 Bg4 6. Be2 Nc6 7. O-O O-O-O 8.
cxd4 Nxd4 9. Nxd4 Bxe2 10. Qxe2 Qxd4 11. Be3 Qd3 12. Qf3 Qd5 13. Qg3 Nf6 14. Nc3
Qa5 15. Rac1 Bd6 16. Bf4 Nh5 17. Qh3+ Kb8 18. Bxd6 Rxd6 19. b4 Qg5 20. Ne4 1-0

[Event "AUTO-MASTER-2165"]
[Site "http://www.queenalice.com/game.php?id=1340554"]
[Date "2015.2.10"]
[Round "2"]
[White "kandido"]
[Black "JORGESILVA19D"]
[Result "0-1"]
[WhiteElo "2241"]
[BlackElo "2225"]

1. d4 f5 2. Bg5 Nf6 3. Bxf6 exf6 4. c4 d5 5. e3 Bb4+ 6. Nc3 O-O 7. Qb3 Bxc3+ 8.
bxc3 c6 9. cxd5 cxd5 10. Bd3 Nc6 11. Ne2 Na5 12. Qc2 g6 13. h4 a6 14. h5 Rf7 15.
hxg6 hxg6 16. Nf4 Rh7 17. Rxh7 Kxh7 18. g4 b5 19. gxf5 g5 20. Ng6 Qd6 21. Ke2
Bb7 22. a4 Bc6 23. Rh1+ Kg7 24. f4 Re8 25. fxg5 Qg3 26. gxf6+ Kxf6 27. Rf1 Rxe3+
28. Kd2 bxa4 29. Bxa6 Nb3+ 0-1